<?xml version="1.0" encoding="UTF-8"?>
<record
    xmlns:xsi="http://www.w3.org/2001/XMLSchema-instance"
    xsi:schemaLocation="http://www.loc.gov/MARC21/slim http://www.loc.gov/standards/marcxml/schema/MARC21slim.xsd"
    xmlns="http://www.loc.gov/MARC21/slim">

  <leader>00798nam a22002057a 4500</leader>
  <controlfield tag="005">20240103112437.0</controlfield>
  <datafield tag="010" ind1=" " ind2=" ">
    <subfield code="a">B-756778-782</subfield>
  </datafield>
  <datafield tag="020" ind1=" " ind2=" ">
    <subfield code="a">9789392594755</subfield>
    <subfield code="c">900.00</subfield>
  </datafield>
  <datafield tag="035" ind1=" " ind2=" ">
    <subfield code="a">B-756778-782</subfield>
  </datafield>
  <datafield tag="037" ind1=" " ind2=" ">
    <subfield code="a">Sunnvik Books </subfield>
  </datafield>
  <datafield tag="082" ind1=" " ind2=" ">
    <subfield code="a">020</subfield>
  </datafield>
  <datafield tag="100" ind1=" " ind2=" ">
    <subfield code="a">Wesly, J. Jerome</subfield>
    <subfield code="9">60564</subfield>
  </datafield>
  <datafield tag="245" ind1=" " ind2=" ">
    <subfield code="a">Information Literacy Applications in LIS/</subfield>
    <subfield code="c">By J. Jerome Wesly and P. Balasubramanian </subfield>
  </datafield>
  <datafield tag="260" ind1=" " ind2=" ">
    <subfield code="a">New Delhi </subfield>
    <subfield code="b">Ess Ess Publications </subfield>
    <subfield code="c">2023</subfield>
  </datafield>
  <datafield tag="270" ind1=" " ind2=" ">
    <subfield code="a">4831/24, Ansari Road, Daryaganj</subfield>
    <subfield code="b">New Delhi </subfield>
    <subfield code="e">110002</subfield>
  </datafield>
  <datafield tag="300" ind1=" " ind2=" ">
    <subfield code="a">199p.</subfield>
    <subfield code="c">23cm(Hb)</subfield>
  </datafield>
  <datafield tag="700" ind1=" " ind2=" ">
    <subfield code="a">Balasubramanian, P.</subfield>
    <subfield code="e">Author</subfield>
    <subfield code="9">60379</subfield>
  </datafield>
  <datafield tag="942" ind1=" " ind2=" ">
    <subfield code="2">ddc</subfield>
    <subfield code="c">EN</subfield>
    <subfield code="h">020</subfield>
    <subfield code="m">WES</subfield>
  </datafield>
  <datafield tag="999" ind1=" " ind2=" ">
    <subfield code="c">199881</subfield>
    <subfield code="d">199881</subfield>
  </datafield>
  <datafield tag="952" ind1=" " ind2=" ">
    <subfield code="0">0</subfield>
    <subfield code="1">0</subfield>
    <subfield code="4">0</subfield>
    <subfield code="7">0</subfield>
    <subfield code="8">NFIC</subfield>
    <subfield code="a">L</subfield>
    <subfield code="b">L</subfield>
    <subfield code="d">2024-01-03</subfield>
    <subfield code="e">Sunnvik Books /GST-IN4/30.11.23/52/23.11.23/7.12.23</subfield>
    <subfield code="g">900.00</subfield>
    <subfield code="l">4</subfield>
    <subfield code="m">3</subfield>
    <subfield code="o">020 WES</subfield>
    <subfield code="p">B-756778</subfield>
    <subfield code="r">2025-06-25 00:00:00</subfield>
    <subfield code="s">2025-06-12</subfield>
    <subfield code="t">1</subfield>
    <subfield code="v">900.00</subfield>
    <subfield code="w">2024-01-03</subfield>
    <subfield code="y">EN</subfield>
  </datafield>
  <datafield tag="952" ind1=" " ind2=" ">
    <subfield code="0">0</subfield>
    <subfield code="1">0</subfield>
    <subfield code="4">0</subfield>
    <subfield code="7">0</subfield>
    <subfield code="8">NFIC</subfield>
    <subfield code="a">KGM</subfield>
    <subfield code="b">KGM</subfield>
    <subfield code="d">2024-01-03</subfield>
    <subfield code="e">Sunnvik Books /GST-IN4/30.11.23/52/23.11.23/7.12.23</subfield>
    <subfield code="g">900.00</subfield>
    <subfield code="l">0</subfield>
    <subfield code="o">020 WES</subfield>
    <subfield code="p">B-756779</subfield>
    <subfield code="r">2024-01-03 00:00:00</subfield>
    <subfield code="t">1</subfield>
    <subfield code="v">900.00</subfield>
    <subfield code="w">2024-01-03</subfield>
    <subfield code="y">EN</subfield>
  </datafield>
  <datafield tag="952" ind1=" " ind2=" ">
    <subfield code="0">0</subfield>
    <subfield code="1">0</subfield>
    <subfield code="4">0</subfield>
    <subfield code="7">0</subfield>
    <subfield code="8">NFIC</subfield>
    <subfield code="a">PR</subfield>
    <subfield code="b">PR</subfield>
    <subfield code="d">2024-01-03</subfield>
    <subfield code="e">Sunnvik Books /GST-IN4/30.11.23/52/23.11.23/7.12.23</subfield>
    <subfield code="g">900.00</subfield>
    <subfield code="l">0</subfield>
    <subfield code="o">020 WES</subfield>
    <subfield code="p">B-756780</subfield>
    <subfield code="r">2024-01-03 00:00:00</subfield>
    <subfield code="t">1</subfield>
    <subfield code="v">900.00</subfield>
    <subfield code="w">2024-01-03</subfield>
    <subfield code="y">EN</subfield>
  </datafield>
  <datafield tag="952" ind1=" " ind2=" ">
    <subfield code="0">0</subfield>
    <subfield code="1">0</subfield>
    <subfield code="4">0</subfield>
    <subfield code="7">0</subfield>
    <subfield code="8">NFIC</subfield>
    <subfield code="a">ZLS</subfield>
    <subfield code="b">ZLS</subfield>
    <subfield code="d">2024-01-03</subfield>
    <subfield code="e">Sunnvik Books /GST-IN4/30.11.23/52/23.11.23/7.12.23</subfield>
    <subfield code="g">900.00</subfield>
    <subfield code="l">0</subfield>
    <subfield code="o">020 WES</subfield>
    <subfield code="p">B-756781</subfield>
    <subfield code="r">2024-01-03 00:00:00</subfield>
    <subfield code="t">1</subfield>
    <subfield code="v">900.00</subfield>
    <subfield code="w">2024-01-03</subfield>
    <subfield code="y">EN</subfield>
  </datafield>
  <datafield tag="952" ind1=" " ind2=" ">
    <subfield code="0">0</subfield>
    <subfield code="1">0</subfield>
    <subfield code="4">0</subfield>
    <subfield code="7">0</subfield>
    <subfield code="8">NFIC</subfield>
    <subfield code="a">BL4</subfield>
    <subfield code="b">BL4</subfield>
    <subfield code="d">2024-01-03</subfield>
    <subfield code="e">Sunnvik Books /GST-IN4/30.11.23/52/23.11.23/7.12.23</subfield>
    <subfield code="g">900.00</subfield>
    <subfield code="l">0</subfield>
    <subfield code="o">020 WES</subfield>
    <subfield code="p">B-756782</subfield>
    <subfield code="r">2024-01-03 00:00:00</subfield>
    <subfield code="t">1</subfield>
    <subfield code="v">900.00</subfield>
    <subfield code="w">2024-01-03</subfield>
    <subfield code="y">EN</subfield>
  </datafield>
</record>
